Top 10 Most Hated Foods in the U.S. - Statistics

General Stats
  • This quiz has been taken 777 times
  • The average score is 6 of 10
Answer Stats
Hint Answer % Correct
Some think the best use of this item is to ward off vampires instead of eating. Garlic
96%
When eaten raw, this crunchy, stringy veggie has almost no taste. Slathering peanut butter on it does not improve the taste for many. Celery
78%
This pungent little vegetable is the poster child for the most hated vegetable of American kids. Brussel Sprout
70%
Made from soybeans, water and a curdling agent, many find this food disgusting. Tofu
67%
Some people are genetically predisposed to hating this herb. Cilantro
60%
Cooked or raw, many consider these a delicacy and an aphrodisiac. Others find them inedible. Oyster
58%
While French people love to pair this with french fries, Jimmy Fallon thinks it looks like pus. Mayonnaise
53%
Served in a communal pot over a portable stove heated with a candle and eaten by dipping bread, many Americans think this dish is a sad, gloppy mess. Cheese Fondue
48%
Some people don’t like them for their meaty texture, others for their musty smell. Mushroom
39%
The black version of this treat contains Glycyrrhizin which can cause potassium levels in the body to fall. Licorice
36%
No matching quizzes found
Score Distribution
Percent of People with Each Score
Percentile by Number Answered
Your Score History
You have not taken this quiz